000 00511nam a22001697a 4500
003 OSt
005 20250711142046.0
008 250711b |||||||| |||| 00| 0 eng d
040 _cAIMIT LIBRARY
100 _aT, Shreya.
_e222120
_9218292
245 _aPersonalized risk assessment and premium calculation /
_cBy Shreya T.
260 _aMangalore ;
_c2024
700 _aPinto, Jeevan.
_eMentor
_9218293
700 _aShelke, Pranav.
_eGuide
_9218294
856 _3CMS Computers
_uwww.cms.co.in
942 _2ddc
_cPRO
999 _c234619
_d234619